| 000 | 01138nam a22003135a 4500 | ||
|---|---|---|---|
| 003 | OSt | ||
| 005 | 20170709154633.0 | ||
| 008 | 170615s2016 sy frb 000 0 ara d | ||
| 020 | _a9789933505592 | ||
| 040 |
_aEG-ScBUE _bara _cEG-ScBUE |
||
| 041 | 1 |
_aara _hund |
|
| 082 | 0 | 4 |
_222 _a320 _bت ا ن |
| 100 | 1 | _aتانسي، ستيفن د. | |
| 245 | 1 | 0 |
_aأساسيات علم السياسة / _cتأليف ستيفن د. تانسي، نايجل جاكسون ؛ نقله إلى العربية محيي الدين حميدي. |
| 250 | _aط. 1. | ||
| 260 |
_a :دمشق _bدار الفرقد، _c2016. |
||
| 300 |
_a317 ص. ؛ _c24 سم. |
||
| 504 | _aيشتمل على إرجاعات ببليوجرافية. | ||
| 541 | _aإهداء من أ. محمد فريد خميس. | ||
| 546 | _aالنص مترجم إلى اللغة العربية. | ||
| 590 | _aعلياء عادل | ||
| 650 | 7 |
_2BUEsh _aالسياسة. |
|
| 651 | _2BUEsh | ||
| 653 |
_bBUSBOL _cJune2017 |
||
| 655 |
_vReading book _934232 |
||
| 700 | 1 | _aجاكسون، نايجل. | |
| 700 | 1 |
_aحميدي، محيي الدين، _eمترجم. _917717 |
|
| 942 | _2ddc | ||
| 999 |
_c24906 _d24878 |
||